skbl

Dr Suryya Kumar Bhuyan Library Web-OPAC
ডঃ সূৰ্য্য
কুমাৰ ভূঞা পুথিভঁৰাল ৱেব-অ'পেক

All Research Scholars are advised to clear the annual library fees to continue using Library Resources, Remote Access, Plagiarism Test and Library Clearance.

Cotton University Book Fair 2026

Theory and Problems of Operations Research / (Record no. 3665)

MARC details
000 -LEADER
fixed length control field 00717nam a2200241Ia 4500
001 - CONTROL NUMBER
control field 3677
008 - FIXED-LENGTH DATA ELEMENTS--GENERAL INFORMATION
fixed length control field 170918s 198 ii a g b000 u 465 u
020 ## - INTERNATIONAL STANDARD BOOK NUMBER
International Standard Book Number 0-07-099075-1
082 ## - DEWEY DECIMAL CLASSIFICATION NUMBER
Classification number 001.424
-- 519.7
100 ## - MAIN ENTRY--PERSONAL NAME
Personal name Bronson, Richard .
245 #0 - TITLE STATEMENT
Title Theory and Problems of Operations Research /
Statement of responsibility, etc. Richard Bronson.
Medium Textual Documents
250 ## - EDITION STATEMENT
Edition statement 1st ed. /
260 ## - PUBLICATION, DISTRIBUTION, ETC.
Place of publication, distribution, etc. Singapore :
Name of publisher, distributor, etc. McGraw - Hill book company ,
Date of publication, distribution, etc. C 1983.
300 ## - PHYSICAL DESCRIPTION
Extent 328p. :
Other physical details ill ;
Dimensions 24cm .
440 ## - SERIES STATEMENT/ADDED ENTRY--TITLE
Title Schaum`s Outline Series,
490 ## - SERIES STATEMENT
Series statement Schaum`s Outline Series,
500 ## - GENERAL NOTE
General note Includes 310 Solved Problems
504 ## - BIBLIOGRAPHY, ETC. NOTE
Bibliography, etc. note Index
653 ## - INDEX TERM--UNCONTROLLED
Uncontrolled term Mathematics
653 ## - INDEX TERM--UNCONTROLLED
Uncontrolled term PG-Mathematics
653 ## - INDEX TERM--UNCONTROLLED
Uncontrolled term Operations Research
942 ## - ADDED ENTRY ELEMENTS (KOHA)
Source of classification or shelving scheme Dewey Decimal Classification
Koha item type Books
Holdings
Withdrawn status Lost status Damaged status Not for loan Home library Current library Date acquired Coded location qualifier Total checkouts Full call number Barcode Date last seen Copy number Price effective from Koha item type
        Dr. Suryya Kumar Bhuyan Library Dr. Suryya Kumar Bhuyan Library 01/02/2012 00000   001.424 Br 78 Th 82922 13/01/2024 2 01/02/2012 Books
        Dr. Suryya Kumar Bhuyan Library Dr. Suryya Kumar Bhuyan Library 01/02/2012 00000   001.424 Br 78 Th 035/Eco 13/01/2024 1 01/02/2012 Books

Designed and Maintained by Team SKBL
©1901-2026

Powered by Koha